| 000 | 00696nam a22002297a 4500 | ||
|---|---|---|---|
| 003 | BCEG | ||
| 005 | 20260203153022.0 | ||
| 008 | 260115s1982 mx |||||||||||||||| spa d | ||
| 020 | _a9685140243 | ||
| 040 |
_aBCEG _bspa _cBCEG |
||
| 082 | 0 | 4 |
_aCo863.4 _bZ221g |
| 100 |
_aZalamea, Jorge, _d1905-1969. |
||
| 245 | 1 | 3 | _aEl Gran Burundún-Burundá ha muerto ; La metamorfosis de su excelencia. |
| 260 |
_aMéxico : _bUniversidad Autónoma del Estado de México, _c1982. |
||
| 300 | _a145 p. | ||
| 490 |
_aRenacimiento ; _v5. |
||
| 500 | _aEdición especial --En portada. | ||
| 541 | _aDonación. | ||
| 650 | 1 | 4 | _aNovela colombiana. |
| 700 | 1 |
_aIriarte, Alfredo, _d1932-2002, _eap. |
|
| 942 | _cBK | ||
| 999 |
_c437012 _d437012 |
||